| 000 | 02127nam a22003017a 4500 | ||
|---|---|---|---|
| 999 |
_c57279 _d57279 |
||
| 003 | Ge_BSU | ||
| 005 | 20200206111530.0 | ||
| 008 | 200206s2019ge ||||| |||| 00| 0 geo d | ||
| 020 | _a9789941815072 | ||
| 041 | _ageo | ||
| 080 | _a94(479.223)+39(=353.1) ზ-44 | ||
| 245 |
_aზედა მაჭახელი : წიგნი პირველი : _bისტორიულ - ეთნოლოგიური და დიალექტოლოგიური გამოკვლევა) / _cროინ მალაყმაძე ; ნაილა ჩელებაძე ; ელზა ფუტკარაძე ; იაშა თანდილავა ; რედ . ნოდარ კახიძე. |
||
| 264 |
_aთბილისი : _bკოლორი, _c2019. |
||
| 300 |
_a236 გვ .: _bილ.; _c29 სმ. |
||
| 500 | _aსაქლექსიკ.მასალ. გვ: 184-193 | ||
| 505 | _rწიგნი დაიბეჭდა სხალთელი მთავარეპისკოპოსის, მეუფე სპირიდონის ლოცვა-კურთხევით | ||
| 520 | _aრეზიუმე ინგ და ქართულ ენაზე. | ||
| 653 | _aისტორია | ||
| 653 | _aეთნოლოგია | ||
| 700 |
_aმალაყმაძე, როინ _94544 |
||
| 700 |
_aჩელებაძე, ნაილე _96824 |
||
| 700 |
_aფუტკარაძე, ელზა _96825 |
||
| 700 |
_aთანდილავა, იაშა _96826 |
||
| 700 |
_aკახიძე, ნოდარ _eრედაქტორი _96827 |
||
| 710 |
_eსაქართველოს საპატრიარქოს წმიდა ტბელ აბუსერისძის სახელობის უნივერსიტეტი _96828 |
||
| 710 |
_eწმიდა გიორგი მთაწმინდელის სახელობის ქართველოლოგიური კვლევის ინსტიტუტი _96828 |
||
| 942 |
_2udc _cBK |
||